[Event "ROM-chT2"]
[Site "Olanesti"]
[Date "2013.10.17"]
[Round "6.5"]
[White "Cordea, David"]
[Black "Adam, Ioan"]
[Result "0-1"]
[WhiteElo "2069"]
[BlackElo "2029"]
[PlyCount "80"]
[EventDate "2013.10.12"]
[EventType "team-tourn"]
[EventRounds "9"]
[EventCountry "ROU"]
[SourceTitle "EXT 2014"]
[Source "ChessBase"]
[SourceDate "2013.11.20"]
[SourceVersion "1"]
[SourceVersionDate "2013.11.20"]
[SourceQuality "1"]
[WhiteTeam "Cluj Napoca"]
[BlackTeam "Deva"]
[WhiteTeamCountry "ROU"]
[BlackTeamCountry "ROU"]

1. d4 Nf6 2. Nf3 e6 3. c4 c5 4. Nc3 d5 5. cxd5 exd5 6. Bg5 cxd4 7. Nxd4 Nc6 8. e3 Bb4 9. Bb5 Qd6 10. 0-0 Bxc3 11. bxc3 Bd7 12. Qb3 Ne4 13. Bf4 Qc5 14. Rfd1 0-0 15. Rac1 Nxd4 16. Rxd4 Qxb5 17. Rb4 Qe2 18. f3 Nc5 19. Qb1 Qa6 20. c4 Qg6 21. cxd5 Nd3 22. Rxb7 Nxc1 23. Qxc1 Rac8 24. Qa3 Rc2 25. Bg3 Rfc8 26. Rxd7 Rc1+ 27. Be1 Rxe1+ 28. Kf2 Rb1 29. e4 h6 30. Re7 Qb6+ 31. Kg3 Rb2 32. d6 Qf2+ 33. Kf4 Qxg2 34. Re5 g5+ 35. Kf5 Kg7 36. Re7 Rb5+ 37. e5 Qc2+ 38. Kg4 Rc3 39. Rxf7+ Kxf7 40. Qxa7+ Kg6 0-1

[Event "ROM-chTA"]
[Site "Olanesti"]
[Date "2012.10.13"]
[Round "8.5"]
[White "Andronescu, Madalin"]
[Black "Adam, Ioan"]
[Result "1-0"]
[WhiteElo "2032"]
[BlackElo "2044"]
[PlyCount "77"]
[EventDate "2012.10.06"]
[EventType "team-tourn"]
[EventRounds "9"]
[EventCountry "ROU"]
[SourceTitle "CBM 150 Extra"]
[Source "ChessBase"]
[SourceDate "2012.10.19"]
[SourceVersion "1"]
[SourceVersionDate "2012.10.19"]
[SourceQuality "1"]
[WhiteTeam "Giurgiu"]
[BlackTeam "Deva"]
[WhiteTeamCountry "ROU"]
[BlackTeamCountry "ROU"]

1. d4 Nf6 2. c4 c5 3. d5 e5 4. Nc3 d6 5. g3 Be7 6. Bg2 0-0 7. Qc2 Na6 8. h4 Nc7 9. Nh3 a6 10. a4 Rb8 11. a5 b5 12. axb6 Rxb6 13. Na4 Rb8 14. Bd2 Bd7 15. Ba5 Qe8 16. Bxc7 Bxa4 17. Qxa4 Rxb2 18. Qxe8 Nxe8 19. Ba5 Rc2 20. e3 f5 21. Kd1 Rb2 22. Bc3 Rb6 23. Kc2 Nf6 24. Rhb1 Rfb8 25. Ba5 Rxb1 26. Rxb1 Rxb1 27. Kxb1 Ng4 28. Bf3 h5 29. Kc2 Kf7 30. Kb3 Ke8 31. Bd1 g6 32. Kc3 e4 33. Bxg4 hxg4 34. Ng5 Kd7 35. Ne6 Kc8 36. Kb3 Kb7 37. Bd8 Bxd8 38. Nxd8+ Kc8 39. Ne6 1-0

[Event "ROM-chTA"]
[Site "Olanesti"]
[Date "2012.10.11"]
[Round "6.5"]
[White "Acsinte, Matei Ionut"]
[Black "Adam, Ioan"]
[Result "1/2-1/2"]
[WhiteElo "2024"]
[BlackElo "2044"]
[PlyCount "53"]
[EventDate "2012.10.06"]
[EventType "team-tourn"]
[EventRounds "9"]
[EventCountry "ROU"]
[SourceTitle "CBM 150 Extra"]
[Source "ChessBase"]
[SourceDate "2012.10.19"]
[SourceVersion "1"]
[SourceVersionDate "2012.10.19"]
[SourceQuality "1"]
[WhiteTeam "Ploiesti"]
[BlackTeam "Deva"]
[WhiteTeamCountry "ROU"]
[BlackTeamCountry "ROU"]

1. e4 c5 2. Nf3 d6 3. d4 cxd4 4. Nxd4 Nf6 5. Nc3 a6 6. Be2 e5 7. Nb3 Be7 8. 0-0 Qc7 9. Be3 Be6 10. Qd2 Nbd7 11. Rac1 Nb6 12. Rfd1 0-0 13. a4 Nc4 14. Bxc4 Qxc4 15. Na5 Qc7 16. Nd5 Bxd5 17. exd5 Bd8 18. b4 Qd7 19. f3 Bxa5 20. bxa5 Qxa4 21. Bg5 Qd7 22. Rb1 Ne8 23. Rb6 h6 24. Be3 f5 25. Rdb1 f4 26. Bf2 Rf7 27. Qb4 1/2-1/2

[Event "ROM-chTA"]
[Site "Olanesti"]
[Date "2012.10.07"]
[Round "2.5"]
[White "Adam, Ioan"]
[Black "Zaim, Marian"]
[Result "1-0"]
[WhiteElo "2044"]
[BlackElo "2174"]
[PlyCount "157"]
[EventDate "2012.10.06"]
[EventType "team-tourn"]
[EventRounds "9"]
[EventCountry "ROU"]
[SourceTitle "CBM 150 Extra"]
[Source "ChessBase"]
[SourceDate "2012.10.19"]
[SourceVersion "1"]
[SourceVersionDate "2012.10.19"]
[SourceQuality "1"]
[WhiteTeam "Deva"]
[BlackTeam "Resita Muncitorul"]
[WhiteTeamCountry "ROU"]
[BlackTeamCountry "ROU"]

1. e4 c5 2. Nf3 d6 3. d4 cxd4 4. Nxd4 Nf6 5. Nc3 a6 6. Bg5 e6 7. f4 Be7 8. Qf3 Qc7 9. 0-0-0 Nbd7 10. Bd3 b5 11. Rhe1 Bb7 12. Nd5 exd5 13. Nf5 d4 14. Nxe7 Kxe7 15. Qf2 Kf8 16. e5 Nd5 17. exd6 Qxd6 18. Qxd4 f6 19. Be4 fxg5 20. Bxd5 Bxd5 21. Qxd5 Qxd5 22. Rxd5 Nf6 23. Rxg5 Kf7 24. Rc5 Rhc8 25. Rxc8 Rxc8 26. Kd2 Re8 27. Rf1 Ke6 28. Kc3 Nd5+ 29. Kd4 Kd6 30. Rf2 Rc8 31. b3 Nb4 32. c4 bxc4 33. bxc4 Nc6+ 34. Kc3 Kc5 35. f5 Rf8 36. g4 Rf7 37. g5 Ne7 38. f6 Ng8 39. Rf5+ Kb6 40. Re5 gxf6 41. Re8 Ne7 42. gxf6 Ng6 43. Re6+ Kb7 44. Kd4 Rd7+ 45. Ke4 Rc7 46. Kd4 Rd7+ 47. Kc3 Rd1 48. Kb4 Rd2 49. h4 Rd7 50. h5 Nh8 51. Kc5 Nf7 52. Rb6+ Ka7 53. a4 Rc7+ 54. Rc6 Kb7 55. Rxc7+ Kxc7 56. Kd5 Nd8 57. c5 Nf7 58. Ke6 Ng5+ 59. Ke7 Kc6 60. f7 Nxf7 61. Kxf7 Kxc5 62. Kg7 Kb4 63. Kxh7 Kxa4 64. Kg6 Kb3 65. h6 a5 66. h7 a4 67. h8Q Ka2 68. Kf5 a3 69. Qh1 Kb2 70. Qh8+ Kb1 71. Ke4 a2 72. Qh1+ Kb2 73. Qg2+ Kb1 74. Kd3 Ka1 75. Qf1+ Kb2 76. Qe2+ Ka1 77. Qd1+ Kb2 78. Qc2+ Ka3 79. Qc3+ 1-0

[Event "ROM-chT Div-A"]
[Site "Slanic Moldova"]
[Date "2011.10.06"]
[Round "6"]
[White "Adam, Ioan"]
[Black "Munteanu, Ali Eduard"]
[Result "0-1"]
[WhiteElo "2058"]
[BlackElo "1900"]
[PlyCount "150"]
[EventDate "2011.10.03"]
[EventType "team-tourn"]
[EventRounds "9"]
[EventCountry "ROU"]
[SourceTitle "CBM 144 Extra"]
[Source "ChessBase"]
[SourceDate "2011.10.28"]
[SourceVersion "1"]
[SourceVersionDate "2011.10.28"]
[SourceQuality "1"]

1. d4 d5 2. c4 c6 3. e3 Nf6 4. Nc3 e6 5. Nf3 Nbd7 6. Bd3 dxc4 7. Bxc4 b5 8. Bd3 a6 9. 0-0 Bb7 10. b3 Be7 11. Bb2 0-0 12. e4 c5 13. e5 Nd5 14. Ne4 Rc8 15. Rc1 Nb4 16. a3 Nxd3 17. Qxd3 c4 18. bxc4 bxc4 19. Qe2 Bd5 20. Nc3 Nb6 21. Nd2 Qd7 22. Nxd5 exd5 23. Nb1 Na4 24. Bc3 Rb8 25. Qd2 Qf5 26. Bb4 Bxb4 27. axb4 Qd3 28. Qxd3 cxd3 29. Nc3 d2 30. Nxa4 dxc1Q 31. Rxc1 Rxb4 32. Nc5 Rxd4 33. Nxa6 Re4 34. g3 Rxe5 35. Rc5 h6 36. Nb4 Re1+ 37. Kg2 d4 38. Rd5 Rd1 39. Nc2 Rc8 40. Rxd4 Rxd4 41. Nxd4 Rc3 42. Nf5 Kh7 43. Ne3 g6 44. Nd5 Ra3 45. Ne3 f5 46. h3 Kg7 47. Kf3 Kf6 48. h4 g5 49. hxg5+ hxg5 50. Kg2 Ra2 51. Kf3 Ra3 52. Kg2 Rb3 53. Nf1 Rd3 54. Ne3 Ke5 55. Nf1 Kd4 56. Nh2 g4 57. Nf1 Kc3 58. Nh2 Kc2 59. Kf1 Rd1+ 60. Ke2 Rd8 61. Ke3 Rh8 62. Nf1 Rh1 63. Ke2 Rh5 64. Ne3+ Kc3 65. Ng2 Kd4 66. f3 Rh2 67. Kf2 Rxg2+ 68. Kxg2 Ke3 69. fxg4 fxg4 70. Kg1 Kf3 71. Kh2 Kf2 72. Kh1 Kxg3 73. Kg1 Kf3 74. Kf1 g3 75. Kg1 g2 0-1

[Event "ROM-chT Div-A"]
[Site "Slanic Moldova"]
[Date "2011.10.04"]
[Round "3"]
[White "Adam, Ioan"]
[Black "Siclovan, Cristian Daniel"]
[Result "0-1"]
[WhiteElo "2058"]
[BlackElo "2156"]
[PlyCount "96"]
[EventDate "2011.10.03"]
[EventType "team-tourn"]
[EventRounds "9"]
[EventCountry "ROU"]
[SourceTitle "CBM 144 Extra"]
[Source "ChessBase"]
[SourceDate "2011.10.28"]
[SourceVersion "1"]
[SourceVersionDate "2011.10.28"]
[SourceQuality "1"]

1. e4 e6 2. d4 d5 3. e5 c5 4. c3 Nc6 5. Nf3 Nge7 6. a3 a5 7. Be2 Nf5 8. Be3 Qb6 9. Qd2 a4 10. g4 Na5 11. Qc2 Nb3 12. Ra2 cxd4 13. cxd4 Nfxd4 14. Nxd4 Nxd4 15. Qd3 Bc5 16. Nc3 Nb3 17. Qb5+ Qxb5 18. Nxb5 Ke7 19. 0-0 Bd7 20. Bxc5+ Nxc5 21. Nd4 Nb3 22. Nxb3 axb3 23. Raa1 Rhc8 24. Bd1 Ba4 25. f4 Ra6 26. Rf3 Rb6 27. g5 Rc4 28. Kf2 f6 29. exf6+ gxf6 30. gxf6+ Kxf6 31. Kg3 Rd4 32. Rc1 Rd2 33. Rf2 Rxf2 34. Kxf2 Rc6 35. Rb1 Rc4 36. Kg3 d4 37. Be2 Rc2 38. Bd3 h6 39. h4 Bc6 40. h5 Be8 41. Kg4 Rh2 42. Bc4 Bxh5+ 43. Kg3 Rd2 44. Rh1 Bg6 45. Rxh6 Kg7 46. Rh2 Rxh2 47. Kxh2 Bc2 48. Bxe6 d3 0-1

[Event "ROM-chT Div-A"]
[Site "Slanic Moldova"]
[Date "2011.10.03"]
[Round "1"]
[White "Adam, Ioan"]
[Black "Dragomirescu, Angela"]
[Result "0-1"]
[WhiteElo "2058"]
[BlackElo "2216"]
[PlyCount "84"]
[EventDate "2011.10.03"]
[EventType "team-tourn"]
[EventRounds "9"]
[EventCountry "ROU"]
[SourceTitle "CBM 144 Extra"]
[Source "ChessBase"]
[SourceDate "2011.10.28"]
[SourceVersion "1"]
[SourceVersionDate "2011.10.28"]
[SourceQuality "1"]

1. e4 d6 2. d4 Nf6 3. Nc3 g6 4. Nf3 Bg7 5. Bf4 0-0 6. Qd2 a6 7. 0-0-0 b5 8. e5 b4 9. exf6 bxc3 10. Qxc3 Bxf6 11. Qd2 Bb7 12. d5 c6 13. Bc4 Qb6 14. c3 Nd7 15. Be3 Qa5 16. b4 Qa3+ 17. Kc2 cxd5 18. Bb3 Rfc8 19. Nd4 Qxb4 20. Kb2 Qa5 21. Ne2 Nb6 22. Bxb6 Qxb6 23. Qe3 Qxe3 24. fxe3 Rab8 25. Kc2 d4 26. Nxd4 Bxg2 27. Rhg1 Be4+ 28. Kb2 a5 29. Rg4 d5 30. a4 Rb6 31. Nb5 Bf3 32. Rdg1 Bxg4 33. Rxg4 e6 34. e4 h5 35. Rg2 dxe4 36. Re2 Rbc6 37. Re3 Rd8 38. Kc2 Bg5 39. Rxe4 Rd2+ 40. Kb1 Rxh2 41. Nd4 Rxc3 42. Bd1 Rc1# 0-1

[Event "Felix Cup 22nd"]
[Site "Felix Spa"]
[Date "2007.05.26"]
[Round "2"]
[White "Ristic, Nebojsa M"]
[Black "Adam, Ioan"]
[Result "1-0"]
[WhiteElo "2336"]
[BlackElo "2150"]
[PlyCount "61"]
[EventDate "2007.05.25"]
[EventType "swiss"]
[EventRounds "9"]
[EventCountry "ROU"]
[SourceTitle "CBM 118 Extra"]
[Source "ChessBase"]
[SourceDate "2007.07.04"]
[SourceVersion "1"]
[SourceVersionDate "2007.07.04"]
[SourceQuality "1"]

1. d4 d5 2. c4 c6 3. Nf3 Nf6 4. Nc3 e6 5. Bg5 dxc4 6. e4 b5 7. e5 h6 8. Bh4 g5 9. exf6 gxh4 10. Ne5 Qxf6 11. Be2 Bb7 12. Bf3 Bd6 13. 0-0 Bxe5 14. dxe5 Qxe5 15. Re1 Qc7 16. Qd4 Rg8 17. Qxh4 Na6 18. Ne4 Rg6 19. Bh5 Qe7 20. Nd6+ Qxd6 21. Bxg6 fxg6 22. Qf6 Nc7 23. Rad1 Qe7 24. Qxg6+ Kf8 25. Qxh6+ Ke8 26. Qg6+ Kf8 27. Re3 c5 28. Rh3 Qg7 29. Rh8+ Qxh8 30. Rd7 Qg8 31. Qf6+ 1-0